Pokémon - Légendes Pokémon : Arceus - Statistiques

Statistiques générales
  • Ce quiz a été pris 115 fois
  • Le résultat moyen est 22 sur 30
Statistiques - réponses
Question Réponse % Correct
Lequel n'est pas un Starter de la Région d'Hisui ?
98%
Quel Pokémon ne fait pas partie de la liste à attraper pour juger nos compétences ?
92%
Quelle monture obtient-on au Contrefort Couronné ?
92%
Dans quelle zone peut-on trouver le Pokémon Chenipotte ? Plaines Obsidiennes
92%
Quel est le nom du village de départ ? Rusti-Cité
92%
Lequel n'est pas un Pokémon Monarque ?
90%
Quel est le Pokémon Shiny que l'on rencontre dans une quête secondaire ?
90%
Qui est le/la dirigeant(e) du Groupe Galaxie ?
88%
Combien de Flammes Étranges faut-il avoir pour débloquer Spiritomb ? 108
88%
À quel groupe appartient Percupio ? Compagnie Ginkgo
88%
Quel est le double type du Pokémon Légendaire Amovénus ? Fée/Vol
88%
Quel Pokémon volant peut-on trouver dans le ciel de Hisui ?
84%
Qui est le/la gardien(ne) du Pokémon Monarque Arcanin de Hisui ?
84%
Quelle est la condition pour pouvoir affronter Arceus ? Attraper tous les Pokémon de la région de Hisui
84%
Laquelle est une Gigamasse Ball ?
82%
Comment Ursaring peut évoluer en Ursaking à Hisui ? Bloc de Tourbe + Pleine Lune
82%
Quel trio de Pokémon Légendaire est présent à Hisui ? Boréas/Fulguris/Démétéros
82%
Comment peut-on obtenir les appareils changeant la forme de Motisma ? Achat à la Compagnie Ginkgo
80%
Qui est le personnage que l'on rencontre en premier ?
78%
Combien de formes différentes de Zarbi peut-on capturer à Hisui ? 28
72%
Que faut-il utiliser pour confectionner une Poupée Pokéshi ? Bois
72%
Quel est le nom de la rivale du héros ? Lucia
70%
Combien d'évolitions sont disponibles ? Huit
68%
Comment se nomme notre téléphone modifié par Arceus ? Smarceus
64%
Comment sont représentées les Poké Ball provenant du futur dans Légendes Pokémon : Arceus ?
50%
Quel Pokémon n'est pas nécessaire pour résoudre la quête de Phione et Manaphy ?
48%
Quel est l'âge du protagoniste ? 15 ans
46%
Combien de fois à la suite doit-on affronter Percupio au Temple de Sinnoh ? Trois fois
34%
Laquelle est une Envol Ball ?
32%
À partir de quel rang du Pokédex, les Pokémon jusqu'au niveau 100 obéiront ? 7 étoiles
32%
Aucun quiz correspondant
Distribution des résultats
% des personnes avec chaque résultat
Percentile par nombre de réponses
Votre historique - résultats
Vous n’avez pas pris ce quiz